Két darab Beckett darab
Elmentve itt :
| Szerzők: | |
|---|---|
| Dokumentumtípus: | Cikk |
| Megjelent: |
1986
|
| Sorozat: | Gondolat-jel
|
| Kulcsszavak: | Színháztudomány |
| Online Access: | http://acta.bibl.u-szeged.hu/11368 |
| LEADER | 00606nab a2200193 i 4500 | ||
|---|---|---|---|
| 001 | acta11368 | ||
| 005 | 20210707121632.0 | ||
| 008 | 161015s1986 hu o 0|| hun d | ||
| 022 | |a 1216-8033 | ||
| 040 | |a SZTE Egyetemi Kiadványok Repozitórium |b hun | ||
| 041 | |a hun | ||
| 100 | 1 | |a Szilasi László | |
| 245 | 1 | 0 | |a Két darab Beckett darab |h [elektronikus dokumentum] / |c Szilasi László |
| 260 | |c 1986 | ||
| 300 | |a 15-18 | ||
| 490 | 0 | |a Gondolat-jel | |
| 695 | |a Színháztudomány | ||
| 700 | 0 | 1 | |a Beckett Samuel |e aut |
| 856 | 4 | 0 | |u http://acta.bibl.u-szeged.hu/11368/1/gondolatjel_1986_015-018.pdf |z Dokumentum-elérés |